Ekonomické a sociálne súvislosti integrácie
Z dosahovej štúdie Ústavu slovenskej a svetovej ekonomiky SAV. Voči rizikám nie sme bezmocní. Potreba inštitúcií. Udržateľnosť rozvoja verejných financií. Regionálne aspekty. Trendy ekonomiky do r. 2010. Segmenty ekonomiky. Podniková sféra. Zahraničný obchod. Priame zahraničné investície. Trh práce...
Gespeichert in:
| Format: | Buchkapitel |
|---|---|
| Sprache: | Slowakisch |
| Schlagworte: | |
| Tags: |
Keine Tags, Fügen Sie das erste Tag hinzu!
|
MARC
| LEADER | 00000naa a2200000 4500 | ||
|---|---|---|---|
| 001 | r049479 | ||
| 005 | 20230925124456.3 | ||
| 041 | 0 | |a slo | |
| 044 | |a SK | ||
| 245 | 1 | 0 | |a Ekonomické a sociálne súvislosti integrácie |
| 520 | |a Z dosahovej štúdie Ústavu slovenskej a svetovej ekonomiky SAV. Voči rizikám nie sme bezmocní. Potreba inštitúcií. Udržateľnosť rozvoja verejných financií. Regionálne aspekty. Trendy ekonomiky do r. 2010. Segmenty ekonomiky. Podniková sféra. Zahraničný obchod. Priame zahraničné investície. Trh práce a sociálne dimenzie. Poľnohospodárstvo. | ||
| 610 | 2 | 0 | |a integrácia ekonomická medzinárodná |
| 610 | 2 | 0 | |a Slovensko |
| 610 | 2 | 0 | |a riziko |
| 610 | 2 | 0 | |a inštitúcia |
| 610 | 2 | 0 | |a financie verejné |
| 610 | 2 | 0 | |a politika regionálna |
| 610 | 2 | 0 | |a podnik |
| 610 | 2 | 0 | |a obchod zahraničný |
| 610 | 2 | 0 | |a investície priame zahraničné |
| 610 | 2 | 0 | |a trh práce |
| 610 | 2 | 0 | |a situácia sociálna |
| 610 | 2 | 0 | |a poľnohospodárstvo |